Loading...

The economics of education /

Bibliographic Details
Main Author: Vaizey, John
Format: Printed Book
Language:English
Published: London : Macmillan, 1973
LEADER 00513nam a22001577a 4500
003 OSt
005 20200624134513.0
008 150926b xxu||||| |||| 00| 0 eng d
082 |a 339.5 VAI/E 
100 |a Vaizey, John 
245 |a The economics of education /  |c John Vaizey 
260 |a London :  |b Macmillan,  |c 1973 
300 |a 64p. 
942 |2 ddc  |c BK 
999 |c 322231  |d 322231 
952 |0 0  |1 0  |2 ddc  |4 0  |6 339_500000000000000_VAI_E  |7 0  |9 368677  |a CSC  |b CSC  |c ST1  |d 2015-09-26  |i 2671  |l 0  |o 339.5 VAI/E  |p CSC2671  |r 2015-09-26  |w 2015-09-26  |y BK